000 00292nam a2200121Ia 4500
008 190802s9999 xx 000 0 und d
020 _a978-93-325-8320-7
100 _aRobert A Haugen
245 0 _aModern Investment Theory
260 _aUSA
_bPearson
_c2018
300 _a663:p
942 _cBK
999 _c2284
_d2284